Simple Science 7-to-1 Quiz Stats

 Plays Quiz not verified by Sporcle

Score 0/28 Timer 02:00
0 Plays Today
% Correct
Copper
99%
Gold
98.9%
Silver
98.9%
Nickel
98.8%
Broccoli
98.8%
Tin
98.6%
Cabbage
98.6%
Cucumber
98.5%
Artichoke
98.3%
Zinc
98.2%
Cauliflower
98.2%
Amphibian
98.2%
Bird
98.2%
Iron
98.1%
% Correct
Spinach
98.1%
Reptile
98.1%
Fish
97.9%
Solar
97.7%
Mammal
97.7%
Hydroelectric
97.4%
Geothermal
96.8%
Venus
96.6%
Wind
96.4%
Humerus
96.3%
Ulna
96.3%
Igneous
96.1%
Sedimentary
95.7%
Radius
95.7%

You're not logged in!

Compare scores with friends on all Sporcle quizzes.
OR
Log In

Sporcle TV

Today on Sporcle TV


Watch our educational content, quiz creation guides, and fun videos on Sporcle TV.

Show Comments

Extras

Top Quizzes Today


Score Distribution

Your Account Isn't Verified!

In order to create a playlist on Sporcle, you need to verify the email address you used during registration. Go to your Sporcle Settings to finish the process.

Report this User

Report this user for behavior that violates our Community Guidelines.

Details: